Countryside action plan (Record no. 67878)
[ view plain ]
| 000 -LEADER | |
|---|---|
| fixed length control field | 00956cam a2200217 4500 |
| 001 - CONTROL NUMBER | |
| control field | WB3730-41 |
| 008 - FIXED-LENGTH DATA ELEMENTS--GENERAL INFORMATION | |
| fixed length control field | 010802n2001 000 0 eng u |
| 035 ## - SYSTEM CONTROL NUMBER | |
| System control number | (Sirsi) u113914 |
| 245 ## - TITLE STATEMENT | |
| Title | Countryside action plan |
| 260 ## - PUBLICATION, DISTRIBUTION, ETC. | |
| Date of publication, distribution, etc. | 2001 |
| 490 ## - SERIES STATEMENT | |
| Series statement | Farmers Guardian |
| Volume/sequential designation | 27 July 2001, 21(1) |
| 520 ## - SUMMARY, ETC. | |
| Summary, etc. | Wildlife and Countryside Link, made up of 14 environmental groups, has claimed that agri-environment schemes are underfunded, with only 10% of farms covered and providing only limited benefits from its restricted resources. The Link is calling on government to simplify schemes administratively with more positive rewards for farmers and also to merge government schemes into a single national programme. |
| 590 ## - LOCAL NOTE (RLIN) | |
| Local note | WB |
| 650 ## - SUBJECT ADDED ENTRY--TOPICAL TERM | |
| Topical term or geographic name entry element | ENVIRONMENTAL ISSUES |
| 650 ## - SUBJECT ADDED ENTRY--TOPICAL TERM | |
| Topical term or geographic name entry element | AGRICULTURE |
| 650 ## - SUBJECT ADDED ENTRY--TOPICAL TERM | |
| Topical term or geographic name entry element | FARMING SUBSIDIES |
| 650 ## - SUBJECT ADDED ENTRY--TOPICAL TERM | |
| Topical term or geographic name entry element | WILDLIFE CONSERVATION |
| 650 ## - SUBJECT ADDED ENTRY--TOPICAL TERM | |
| Topical term or geographic name entry element | AGRI-ENVIRONMENT SCHEMES |
| 690 ## - LOCAL SUBJECT ADDED ENTRY--TOPICAL TERM (OCLC, RLIN) | |
| Topical term or geographic name as entry element | RURAL-NATURE CONSERVATION |
| 942 ## - ADDED ENTRY ELEMENTS (KOHA) | |
| Suppress in OPAC | 0 |
| Withdrawn status | Lost status | Source of classification or shelving scheme | Damaged status | Not for loan | Home library | Current library | Shelving location | Date acquired | Total Checkouts | Full call number | Barcode | Date last seen | Copy number | Price effective from | Koha item type |
|---|---|---|---|---|---|---|---|---|---|---|---|---|---|---|---|
| Dewey Decimal Classification | London | London | News article | 02/08/2001 | WB3730-41 | 113914-1001 | 06/08/2019 | 1 | 06/08/2019 | News article |